000 00416nam a2200157Ia 4500
001 137649
003 229719
005 20250304063123.0
008 ||||||n9999 ||| || ||
100 _aSaru, Alberto Luís
_9168504
245 0 _aGasto público social de las entidades territoriales
562 _e2
650 0 _aEntidades territoriales
_911999
650 0 _aGastos públicos
_95525
942 _cTESIS
999 _c137649
_d137649